000 01051nam a2200265 i 4500
001 16852
003 ES-MaACL
005 20250728030701.0
007 t|
008 001115s1992 sp a |||| | spa d
020 _a84-88440-00-6
080 _a738.031.3(460.315)
080 _a904(460.315):7.031.3
100 1 _aSala Sellés, Feliciana.
_9101675
245 1 3 _aLa "Tienda del Alfarero" del yacimiento ibérico de la Alcudia (Elche-Alicante) /
_cFeliciana Sala Sellés.
260 _aAlicante :
_bFundación Cultural Caja de Ahorros del Mediterráneo,
_c1992.
300 _a220 p. :
_bil. ;
_c22 cm.
490 1 _aPublicaciones de la Caja de Ahorros Provincial ;
_v60
650 4 _aCerámica ibérica-
_zLa Alcudia (Alicante)
_910896
651 4 _aLa Alcudia (Alicante)-
_xRestos arqueológicos ibéricos.
_98892
710 2 _aFundación Cultural Caja de Ahorros del Mediterráneo.
_94259
830 0 0 _aPublicaciones de la Caja de Ahorros Provincial de Alicante
_v60
_9186986
852 _aES-MaACL
_jG-787
999 _c16852
_d16852